Úzká souvislost s přenosem dat prostředky pro centralizaci informačních systémů obchodních řetězců

Súvislosti centrálneho riadenia s prenosom dát. Technológie prenosu dát využiteľné v riadení. Fungovanie prenosu dát. Princípy stratégie "silného" a "tenkého" klienta.

Salvato in:
Dettagli Bibliografici
Autore principale: Frouz, Jan
Natura: Capitolo di libro
Lingua:ceco
Soggetti:
Tags: Aggiungi Tag
Nessun Tag, puoi essere il primo ad aggiungerne!!

MARC

LEADER 00000naa a2200000 4500
001 r038314
005 20230522111126.6
041 0 |a cze 
044 |a CZ 
245 1 0 |a Úzká souvislost s přenosem dat  |b prostředky pro centralizaci informačních systémů obchodních řetězců  |c Jan Frouz 
520 |a Súvislosti centrálneho riadenia s prenosom dát. Technológie prenosu dát využiteľné v riadení. Fungovanie prenosu dát. Princípy stratégie "silného" a "tenkého" klienta. 
610 2 0 |a riadenie obchodu 
610 2 0 |a siete obchodné 
610 2 0 |a maloobchod 
610 2 0 |a systémy informačné 
610 2 0 |a prenos dát diaľkový 
610 2 0 |a technológie informačné 
610 2 0 |a stratégia obchodná 
100 1 |a Frouz, Jan